000
00243nam a22001217a 4500
040
_c
HS
082
_a
311
100
_a
NA
245
_a
Elementary statistical methods for foresters
260
_a
NA
_b
NA
_c
1967
300
_a
87p;
942
_c
EK
999
_c
10281
_d
10281